000 00415nam a22001457a 4500
005 20250603171914.0
008 250603b |||||||| |||| 00| 0 eng d
020 _a9780851112602
050 _aBV 2625
_b.A33
100 _aADENEY, MIRIAM
245 _aDAUGHTERS OF ISLAM
_bBuilding Bridges with Muslim Women
_cMIRIAM ADENEY
260 _aILLINOIS
_bINTER-VARSITY PRESS
_cc2002
300 _a224P.;
942 _2lcc
_cBK
_n0
999 _c6234
_d6234